[Event "Aut_chT1112"]
[Site "Jenbach"]
[Date "2012.01.20"]
[Round "1"]
[Board "1"]
[White "Lenic, Luka"]
[Black "Rapport, Richard"]
[Result "1/2-1/2"]
[WhiteElo "2637"]
[BlackElo "2559"]
[PlyCount "89"]
[EventDate "2012.01.20"]
[EventType "team"]
[EventRounds "11"]
[EventCountry "AUT"]
[WhiteTeam "SV Raika Rapid Feffernitz"]
[BlackTeam "SK Sparkasse Fuerstenfeld"]

1. Nf3 Nf6 2. c4 c5 3. d4 cxd4 4. Nxd4 Nc6 5. Nc3 e6 6. a3 Be7 7. g3 d5 8. Bg2
O-O 9. O-O Re8 10. h3 Bc5 11. Nb3 Bb6 12. cxd5 exd5 13. Bg5 h6 14. Bxf6 Qxf6
15. e3 Be6 16. Na4 Rad8 17. Nxb6 axb6 18. Nd4 Nxd4 19. Qxd4 Qxd4 20. exd4 Rc8
21. Rfc1 Kf8 22. f4 f6 23. Kf2 Ke7 24. Ke3 Kd6 25. Kd2 Bf5 26. Rxc8 Rxc8 27.
Rc1 Re8 28. Rc3 Be4 29. Bf1 Bf5 30. Rb3 Kc7 31. g4 Bg6 32. f5 Bf7 33. Re3 Rxe3
34. Kxe3 Be8 35. Be2 b5 36. Kd2 b4 37. axb4 b5 38. Ke3 Kc6 39. Kf4 Kd6 40. h4
Kc6 41. g5 Kd6 42. Kg4 Kc6 43. Bd3 Kb6 44. g6 Kc6 45. h5 1/2-1/2

[Event "Aut_chT1112"]
[Site "Jenbach"]
[Date "2012.01.20"]
[Round "1"]
[Board "2"]
[White "Hera, Imre"]
[Black "Sebenik, Matej"]
[Result "1/2-1/2"]
[WhiteElo "2555"]
[BlackElo "2529"]
[PlyCount "135"]
[EventDate "2012.01.20"]
[EventType "team"]
[EventRounds "11"]
[EventCountry "AUT"]
[WhiteTeam "SK Sparkasse Fuerstenfeld"]
[BlackTeam "SV Raika Rapid Feffernitz"]

1. d4 Nf6 2. c4 g6 3. Nc3 Bg7 4. Nf3 O-O 5. g3 d6 6. Bg2 Nc6 7. O-O a6 8. h3
Bd7 9. e4 e5 10. dxe5 Nxe5 11. c5 Re8 12. cxd6 cxd6 13. Nd4 Qb6 14. Nde2 Bc6
15. Rb1 Rad8 16. Bg5 Qc5 17. Be3 Qa5 18. Nf4 b5 19. b4 Qc7 20. Ncd5 Qb7 21. Bd4
Bxd5 22. exd5 Rc8 23. Re1 Rc4 24. Bxe5 dxe5 25. Nd3 e4 26. Nc5 Qxd5 27. Qxd5
Nxd5 28. Nxe4 Rd4 29. a3 Bf8 30. Rbd1 Rxd1 31. Rxd1 f5 32. Nd6 Bxd6 33. Bxd5+
Kf8 34. Bb7 Re6 35. Bxa6 Bxb4 36. axb4 Rxa6 37. Rd8+ Ke7 38. Rb8 Ra1+ 39. Kg2
Rb1 40. Rxb5 Kf6 41. h4 Rb3 42. Rb7 h6 43. Rb5 Ke6 44. Rb8 Kf6 45. b5 Kg7 46.
b6 Kf7 47. Kf1 Rb2 48. Ke1 Kg7 49. Rb7+ Kf6 50. Kf1 g5 51. h5 g4 52. Rh7 Kg5
53. Rg7+ Kxh5 54. b7 Rb1+ 55. Ke2 Rb4 56. Kd3 Rb2 57. Kd4 Rb1 58. Kc5 f4 59.
gxf4 g3 60. Rxg3 Rxb7 61. Kd5 Rb5+ 62. Ke6 Rb6+ 63. Ke5 Rb5+ 64. Kf6 Rb6+ 65.
Kg7 Rb7+ 66. Kf6 Rb6+ 67. Kf7 Rb7+ 68. Kf6 1/2-1/2

[Event "Aut_chT1112"]
[Site "Jenbach"]
[Date "2012.01.20"]
[Round "1"]
[Board "3"]
[White "Diermair, Andreas"]
[Black "Pinter, Jozsef"]
[Result "0-1"]
[WhiteElo "2416"]
[BlackElo "2548"]
[PlyCount "96"]
[EventDate "2012.01.20"]
[EventType "team"]
[EventRounds "11"]
[EventCountry "AUT"]
[WhiteTeam "SV Raika Rapid Feffernitz"]
[BlackTeam "SK Sparkasse Fuerstenfeld"]

1. Nf3 Nf6 2. c4 c5 3. Nc3 e6 4. g3 d5 5. cxd5 Nxd5 6. Bg2 Nc6 7. O-O Be7 8. d4
O-O 9. e4 Ndb4 10. dxc5 Bxc5 11. a3 Nd3 12. b4 Nxc1 13. Rxc1 Bb6 14. e5 a5 15.
b5 Nd4 16. Na4 Ba7 17. Nxd4 Bxd4 18. Rc4 Bxe5 19. Qxd8 Rxd8 20. Nb6 Rb8 21.
Rfc1 Bd7 22. Nxd7 Rxd7 23. Rc8+ Rd8 24. Bxb7 Bb2 25. Rxd8+ Rxd8 26. Rb1 Bxa3
27. b6 Kf8 28. Bc6 Ke7 29. Kf1 Rb8 30. b7 Bd6 31. f4 Kd8 32. Rc1 h6 33. Ke2 a4
34. Bxa4 Rxb7 35. Rd1 Ke7 36. Bc6 Rb6 37. Be4 f5 38. Bd3 g5 39. fxg5 hxg5 40.
Rb1 Rc6 41. Ra1 Rc5 42. Kf2 Rd5 43. Be2 Rd2 44. Ra6 Rc2 45. Ra1 g4 46. Kf1 Bc5
47. Ke1 Bg1 48. Bd3 Rxh2 0-1

[Event "Aut_chT1112"]
[Site "Jenbach"]
[Date "2012.01.20"]
[Round "1"]
[Board "4"]
[White "Schenk, Andreas"]
[Black "Novak, Pavel"]
[Result "1-0"]
[WhiteElo "2499"]
[BlackElo "2370"]
[PlyCount "71"]
[EventDate "2012.01.20"]
[EventType "team"]
[EventRounds "11"]
[EventCountry "AUT"]
[WhiteTeam "SK Sparkasse Fuerstenfeld"]
[BlackTeam "SV Raika Rapid Feffernitz"]

1. d4 d5 2. c4 c6 3. Nf3 Nf6 4. e3 e6 5. Bd3 Nbd7 6. Nc3 dxc4 7. Bxc4 b5 8. Bd3
Bd6 9. O-O O-O 10. e4 e5 11. Bg5 a6 12. a4 Bb7 13. Re1 Re8 14. Ne2 exd4 15.
Nexd4 Ne5 16. Bc2 Bb4 17. Re2 c5 18. Nxe5 Rxe5 19. Nf3 Re6 20. Qc1 h6 21. Bh4
Qe8 22. e5 Bxf3 23. gxf3 Nh5 24. f4 g6 25. f5 Rxe5 26. Rxe5 Qxe5 27. fxg6 Nf4
28. Qe3 Qxb2 29. gxf7+ Kg7 30. Qg3+ Kh8 31. Qxf4 Qxa1+ 32. Kg2 Qg7+ 33. Kf1 Bc3
34. Be7 Rf8 35. Bxf8 Qxf8 36. Qf5 1-0

[Event "Aut_chT1112"]
[Site "Jenbach"]
[Date "2012.01.20"]
[Round "1"]
[Board "5"]
[White "Perhinig, Robert"]
[Black "Kuba, Guenter"]
[Result "1/2-1/2"]
[WhiteElo "2253"]
[BlackElo "2384"]
[PlyCount "44"]
[EventDate "2012.01.20"]
[EventType "team"]
[EventRounds "11"]
[EventCountry "AUT"]
[WhiteTeam "SV Raika Rapid Feffernitz"]
[BlackTeam "SK Sparkasse Fuerstenfeld"]

1. d4 d5 2. Nf3 Nf6 3. Bf4 c5 4. e3 Nc6 5. c3 e6 6. Nbd2 Bd6 7. Bxd6 Qxd6 8.
Bd3 O-O 9. O-O e5 10. dxe5 Nxe5 11. Nxe5 Qxe5 12. Qf3 Re8 13. Qg3 Qxg3 14. hxg3
Bd7 15. Rfd1 Bc6 16. a4 Rad8 17. Nf3 Ne4 18. Nd2 Nxd2 19. Rxd2 a5 20. Bb5 Kf8
21. Rad1 Ke7 22. f3 Rd6 1/2-1/2

[Event "Aut_chT1112"]
[Site "Jenbach"]
[Date "2012.01.20"]
[Round "1"]
[Board "3"]
[White "Gyimesi, Zoltan"]
[Black "Poetsch, Hagen"]
[Result "1-0"]
[WhiteElo "2652"]
[BlackElo "2432"]
[PlyCount "77"]
[EventDate "2012.01.20"]
[EventType "team"]
[EventRounds "11"]
[EventCountry "AUT"]
[WhiteTeam "SK Sparkasse Jenbach"]
[BlackTeam "ASVOE Poechlarn/Mauerbach"]

1. d4 Nf6 2. c4 e6 3. Nf3 b6 4. g3 Bb7 5. Bg2 c5 6. d5 exd5 7. Ng5 h6 8. Nh3 b5
9. Nc3 bxc4 10. Nf4 Na6 11. Nfxd5 Nxd5 12. Nxd5 Nc7 13. O-O Be7 14. Bf4 Nxd5
15. Bxd5 Qb6 16. Be5 O-O 17. Rc1 Bxd5 18. Qxd5 Bf6 19. Bxf6 Qxf6 20. Qxc4 d6
21. Rc2 Rab8 22. b3 Rb4 23. Qa6 Qe7 24. Rd1 Rd8 25. Rd5 Re4 26. e3 Re5 27. Rxe5
Qxe5 28. Qxa7 Qe4 29. Rc4 Qd5 30. e4 Qd1+ 31. Kg2 g5 32. Qb7 g4 33. Qd5 Qf3+
34. Kg1 Re8 35. Qf5 Qd1+ 36. Kg2 Re5 37. Qf4 Kg7 38. Ra4 h5 39. Ra7 1-0

[Event "Aut_chT1112"]
[Site "Jenbach"]
[Date "2012.01.20"]
[Round "1"]
[Board "4"]
[White "Tuncer, Ufuk"]
[Black "Schlosser, Philipp"]
[Result "1/2-1/2"]
[WhiteElo "2287"]
[BlackElo "2593"]
[PlyCount "78"]
[EventDate "2012.01.20"]
[EventType "team"]
[EventRounds "11"]
[EventCountry "AUT"]
[WhiteTeam "ASVOE Poechlarn/Mauerbach"]
[BlackTeam "SK Sparkasse Jenbach"]

1. e4 e6 2. d4 d5 3. Nc3 Nf6 4. e5 Nfd7 5. f4 c5 6. Nf3 Nc6 7. Be3 Be7 8. Qd2
O-O 9. dxc5 Bxc5 10. Bxc5 Nxc5 11. O-O-O Qa5 12. Nd4 Bd7 13. Kb1 Rfd8 14. Nb3
Nxb3 15. cxb3 Rac8 16. h4 Be8 17. h5 h6 18. Rh3 Kf8 19. g4 Ne7 20. Qd4 Qc5 21.
Qxc5 Rxc5 22. Ne4 Rc7 23. Nd6 Nc8 24. Nxe8 Kxe8 25. Bd3 Ke7 26. Rg1 Rh8 27. f5
Nb6 28. fxe6 Kxe6 29. Re3 Ke7 30. Rf1 Nd7 31. b4 Rd8 32. a3 Rc6 33. Bf5 Nb6 34.
Bd3 Nc4 35. Re2 Re6 36. Rfe1 g6 37. b3 Nb6 38. Rh1 Rh8 39. Rc2 Kd8 1/2-1/2

[Event "Aut_chT1112"]
[Site "Jenbach"]
[Date "2012.01.20"]
[Round "1"]
[Board "5"]
[White "Boensch, Uwe"]
[Black "Kostic, Vladimir"]
[Result "1-0"]
[WhiteElo "2530"]
[BlackElo "2424"]
[PlyCount "85"]
[EventDate "2012.01.20"]
[EventType "team"]
[EventRounds "11"]
[EventCountry "AUT"]
[WhiteTeam "SK Sparkasse Jenbach"]
[BlackTeam "ASVOE Poechlarn/Mauerbach"]

1. d4 d5 2. c4 c6 3. Nf3 Nf6 4. Nc3 g6 5. cxd5 cxd5 6. Bf4 Nc6 7. e3 a6 8. Bd3
Bg7 9. h3 O-O 10. Rc1 e6 11. O-O Nh5 12. Bh2 Re8 13. Be2 Nf6 14. a3 Bf8 15. Na4
Ne4 16. Bd3 Nd6 17. Nc5 Na5 18. Qe2 Nac4 19. Bxc4 Nxc4 20. Ne5 Nxe5 21. Bxe5 b6
22. Nd3 Qh4 23. Rc7 Be7 24. Rfc1 a5 25. Bg3 Qf6 26. Ne5 Ba6 27. Qe1 h5 28. Nd7
Qf5 29. Nxb6 Rad8 30. Qxa5 Bd3 31. Nd7 h4 32. Bh2 Ra8 33. Qd2 f6 34. Nb6 Rad8
35. Ra7 e5 36. Rcc7 Bf8 37. dxe5 Bb5 38. exf6 Qxf6 39. Nd7 Bxd7 40. Rxd7 d4 41.
Rxd8 Rxd8 42. Bc7 Rd7 43. Be5 1-0

[Event "Aut_chT1112"]
[Site "Jenbach"]
[Date "2012.01.20"]
[Round "1"]
[Board "6"]
[White "Weinzettl, Ernst"]
[Black "Lehner, Oliver"]
[Result "1/2-1/2"]
[WhiteElo "2301"]
[BlackElo "2453"]
[PlyCount "63"]
[EventDate "2012.01.20"]
[EventType "team"]
[EventRounds "11"]
[EventCountry "AUT"]
[WhiteTeam "ASVOE Poechlarn/Mauerbach"]
[BlackTeam "SK Sparkasse Jenbach"]

1. e4 c5 2. Nf3 d6 3. d4 cxd4 4. Nxd4 Nf6 5. Nc3 a6 6. Bg5 Nbd7 7. Bc4 Qb6 8.
Bb3 e6 9. a4 Qa5 10. Bd2 Nc5 11. O-O Nxb3 12. Nxb3 Qc7 13. a5 Bd7 14. Re1 h6
15. Bf4 e5 16. Be3 Rc8 17. Nd2 Be7 18. Bb6 Qc6 19. Nf1 Be6 20. Ng3 O-O 21. Qf3
g6 22. Qe3 Kh7 23. Qd2 Bd8 24. Ba7 d5 25. exd5 Nxd5 26. Nxd5 Bxd5 27. Rxe5 Be6
28. Rc5 Qe8 29. Rxc8 Bxc8 30. Be3 h5 31. h3 Qc6 32. Ne2 1/2-1/2

[Event "Aut_chT1112"]
[Site "Jenbach"]
[Date "2012.01.20"]
[Round "1"]
[Board "2"]
[White "Buhmann, Rainer"]
[Black "Socko, Bartosz"]
[Result "0-1"]
[WhiteElo "2614"]
[BlackElo "2647"]
[PlyCount "108"]
[EventDate "2012.01.20"]
[EventType "team"]
[EventRounds "11"]
[EventCountry "AUT"]
[WhiteTeam "SK MPOE Maria Saal"]
[BlackTeam "SK Advisory Invest Baden"]

1. Nf3 d5 2. d4 a6 3. Nbd2 Nf6 4. c4 e6 5. e3 c5 6. cxd5 exd5 7. dxc5 Bxc5 8.
Be2 Nc6 9. O-O O-O 10. Nb3 Bb6 11. Bd2 Ne4 12. Bc3 Nxc3 13. bxc3 Bf5 14. Bd3
Bg4 15. Rb1 Rc8 16. Nbd4 Ne5 17. Be2 Nxf3+ 18. Bxf3 Bxf3 19. Qxf3 Bxd4 20. cxd4
b5 21. e4 dxe4 22. Qxe4 Rc4 23. Rfd1 Re8 24. Qb7 Qd6 25. h3 g6 26. Rbc1 Rxc1
27. Rxc1 Re2 28. Qc8+ Kg7 29. Qc5 Qf6 30. d5 Rxa2 31. Rd1 Ra1 32. Rxa1 Qxa1+
33. Kh2 Qe5+ 34. g3 h5 35. Qc6 Qd4 36. Kg2 Qc4 37. Qb7 Qe4+ 38. Kh2 b4 39. Qc6
Qd4 40. Kg2 b3 41. d6 b2 42. Qb7 a5 43. d7 a4 44. d8=Q Qxd8 45. Qxb2+ Qf6 46.
Qa3 Qc6+ 47. Kh2 Qc2 48. Qa1+ Kh7 49. Qf6 Qf5 50. Qd4 a3 51. Qa7 Qf3 52. g4 h4
53. g5 Qb3 54. Qd4 Qb2 0-1

[Event "Aut_chT1112"]
[Site "Jenbach"]
[Date "2012.01.20"]
[Round "1"]
[Board "4"]
[White "Kreisl, Robert"]
[Black "Ruck, Robert"]
[Result "0-1"]
[WhiteElo "2400"]
[BlackElo "2579"]
[PlyCount "52"]
[EventDate "2012.01.20"]
[EventType "team"]
[EventRounds "11"]
[EventCountry "AUT"]
[WhiteTeam "SK MPOE Maria Saal"]
[BlackTeam "SK Advisory Invest Baden"]

1. d4 Nf6 2. c4 g6 3. g3 c6 4. Nf3 d5 5. Bg2 dxc4 6. O-O Bg7 7. Na3 b5 8. Ne5
Nd5 9. e4 Nb6 10. Be3 O-O 11. f4 Bb7 12. f5 c5 13. Nxb5 Nc6 14. dxc5 Nxe5 15.
cxb6 axb6 16. Qxd8 Rfxd8 17. Nc7 Rac8 18. Nd5 Bxd5 19. exd5 Ng4 20. Bxb6 Rd6
21. Bh3 Rxb6 22. Bxg4 Rc7 23. fxg6 hxg6 24. Rac1 Rxb2 25. Bd1 c3 26. Bb3 c2 0-1

[Event "Aut_chT1112"]
[Site "Jenbach"]
[Date "2012.01.20"]
[Round "1"]
[Board "5"]
[White "Shengelia, David"]
[Black "Schachinger, Mario"]
[Result "1/2-1/2"]
[WhiteElo "2558"]
[BlackElo "2391"]
[PlyCount "110"]
[EventDate "2012.01.20"]
[EventType "team"]
[EventRounds "11"]
[EventCountry "AUT"]
[WhiteTeam "SK Advisory Invest Baden"]
[BlackTeam "SK MPOE Maria Saal"]

1. d4 d5 2. Bf4 Nf6 3. e3 c5 4. c3 Nc6 5. Nd2 Bf5 6. Qb3 Qd7 7. Ngf3 c4 8. Qd1
h6 9. b3 b5 10. Ne5 Nxe5 11. dxe5 Ne4 12. Nxe4 Bxe4 13. f3 Bf5 14. a4 g5 15.
Bg3 Bg7 16. axb5 Qxb5 17. bxc4 dxc4 18. Qa4 Bd7 19. Qxc4 Qb2 20. Rd1 Rc8 21.
Qd5 Qxc3+ 22. Kf2 Bc6 23. Qd4 Qxd4 24. exd4 e6 25. Ra1 O-O 26. Bd3 Rfd8 27. Ke3
f5 28. Bf2 Rb8 29. Rhc1 Bd5 30. Rxa7 Rb2 31. Rc2 Rxc2 32. Bxc2 Rc8 33. Bd3 Rb8
34. Rc7 Rb2 35. Rc2 Rb3 36. Be1 Bf8 37. Bd2 Bb4 38. Ke2 Bxd2 39. Kxd2 Rb4 40.
Rc8+ Kg7 41. Rc7+ Kg8 42. Rd7 Rxd4 43. Ke3 Rf4 44. h3 h5 45. h4 Rxh4 46. Bxf5
Rf4 47. Bh7+ Kf8 48. Bg6 h4 49. Rh7 Rb4 50. Rh5 g4 51. Rxh4 Rb3+ 52. Kf4 gxf3
53. gxf3 Rxf3+ 54. Kg5 Rg3+ 55. Rg4 Rxg4+ 1/2-1/2

[Event "Aut_chT1112"]
[Site "Jenbach"]
[Date "2012.01.20"]
[Round "1"]
[Board "6"]
[White "Hartl, Daniel"]
[Black "Siebrecht, Sebastian"]
[Result "0-1"]
[WhiteElo "2305"]
[BlackElo "2463"]
[PlyCount "44"]
[EventDate "2012.01.20"]
[EventType "team"]
[EventRounds "11"]
[EventCountry "AUT"]
[WhiteTeam "SK MPOE Maria Saal"]
[BlackTeam "SK Advisory Invest Baden"]

1. d4 Nf6 2. c4 e6 3. Nf3 Bb4+ 4. Bd2 c5 5. Bxb4 cxb4 6. e3 O-O 7. Bd3 d6 8.
O-O Re8 9. a3 Nc6 10. Qc2 bxa3 11. bxa3 e5 12. Nc3 Bg4 13. dxe5 dxe5 14. Ng5 h6
15. Nge4 Nxe4 16. Bxe4 Rc8 17. Bd5 Na5 18. Qe4 Qg5 19. Bxf7+ Kxf7 20. Qd5+ Re6
21. Qxa5 Bf3 22. g3 Qg4 0-1

[Event "Aut_chT1112"]
[Site "Jenbach"]
[Date "2012.01.20"]
[Round "1"]
[Board "1"]
[White "Kunin, Vitaly"]
[Black "Antoniewski, Rafal"]
[Result "1/2-1/2"]
[WhiteElo "2524"]
[BlackElo "2559"]
[PlyCount "93"]
[EventDate "2012.01.20"]
[EventType "team"]
[EventRounds "11"]
[EventCountry "AUT"]
[WhiteTeam "SpGem. Kufstein Woergl"]
[BlackTeam "ASVOE Wulkaprodersdorf"]

1. d4 Nf6 2. c4 c5 3. d5 b5 4. cxb5 a6 5. b6 d6 6. Nc3 Nbd7 7. e4 g6 8. Nf3 Bg7
9. Be2 O-O 10. O-O Qxb6 11. Nd2 Qc7 12. Nc4 Nb6 13. Bg5 Nxc4 14. Bxc4 Rb8 15.
Qd2 Rb4 16. b3 Ng4 17. Rac1 f6 18. Bf4 f5 19. exf5 Rxf5 20. Ne4 Qd8 21. a3 Rb8
22. Nxc5 Rxf4 23. Qxf4 Be5 24. Qg5 Bf6 25. Qf4 Be5 26. Qg5 Bf6 27. Qd2 dxc5 28.
d6+ Kg7 29. dxe7 Qxd2 30. e8=Q Qd6 31. g3 Bf5 32. Qf7+ Kh6 33. Qd5 Qxd5 34.
Bxd5 Bd4 35. Kg2 Bd3 36. Rfe1 Bxf2 37. Re7 Bd4 38. Rce1 Bc3 39. R1e6 Rf8 40.
Bf3 Bf1+ 41. Kxf1 Rxf3+ 42. Ke2 Rf2+ 43. Kd3 Rf3+ 44. Ke2 Rf2+ 45. Kd3 Rf3+ 46.
Ke2 Rf2+ 47. Kd3 1/2-1/2

[Event "Aut_chT1112"]
[Site "Jenbach"]
[Date "2012.01.20"]
[Round "1"]
[Board "3"]
[White "Zelbel, Patrick"]
[Black "Polzin, Rainer"]
[Result "1/2-1/2"]
[WhiteElo "2379"]
[BlackElo "2460"]
[PlyCount "223"]
[EventDate "2012.01.20"]
[EventType "team"]
[EventRounds "11"]
[EventCountry "AUT"]
[WhiteTeam "SpGem. Kufstein Woergl"]
[BlackTeam "ASVOE Wulkaprodersdorf"]

1. e4 c5 2. Nf3 d6 3. d4 cxd4 4. Nxd4 Nf6 5. Nc3 g6 6. Be3 Bg7 7. f3 O-O 8. Qd2
Nc6 9. O-O-O d5 10. Qe1 e6 11. h4 Qc7 12. h5 Nxh5 13. g4 Nxd4 14. Bxd4 Bxd4 15.
Rxd4 Qf4+ 16. Kb1 Qxf3 17. Qh4 Qf6 18. gxh5 Qxd4 19. hxg6 Qg7 20. gxh7+ Kh8 21.
Ne2 f6 22. Rg1 Qxh7 23. Qf2 e5 24. Ng3 Qe7 25. Qh2+ Qh7 26. Qd2 dxe4 27. Rh1
Qxh1 28. Nxh1 Bf5 29. b3 Kg7 30. Ng3 Bg6 31. Qb4 Rad8 32. Bc4 b6 33. Be6 Rfe8
34. Bf5 Rd4 35. Qe1 Red8 36. Kb2 Rh8 37. Bxe4 Bxe4 38. Nxe4 Kh7 39. Qe2 Kg6 40.
Ng3 Rhh4 41. Qb5 Rh8 42. Qf1 Rf4 43. Qd3+ Kg5 44. Ne4+ Kg4 45. Qd7+ Kf3 46.
Qd3+ Kg4 47. Qd7+ Kf3 48. Qc6 Rh6 49. Nxf6+ e4 50. Qc3+ e3 51. Nd5 Re4 52. Nxe3
Rxe3 53. Qg7 Rc6 54. Qf7+ Kg3 55. Qxa7 Re2 56. Qh7 Kf2 57. Qh4+ Ke3 58. Qh3+
Kf4 59. Qd3 Ree6 60. Qd4+ Kf5 61. a4 Red6 62. Qe3 Re6 63. Qd3+ Kf6 64. Qd8+ Kf7
65. a5 bxa5 66. Qxa5 Ke7 67. Qa7+ Kd8 68. Qb8+ Kd7 69. Qb7+ Kd8 70. b4 Rb6 71.
Qd5+ Kc7 72. b5 Rbd6 73. Qc5+ Kb7 74. Kb3 Rd1 75. Qf5 Re3+ 76. Kc4 Rd6 77. Qf7+
Kb6 78. Qf2 Rde6 79. Kb4 Kb7 80. c4 Re7 81. Qd2 R3e5 82. Qg2+ Kb8 83. Qc6 Rc7
84. Qd6 Re4 85. Qd8+ Rc8 86. Qb6+ Ka8 87. Qa6+ Kb8 88. Qd6+ Rc7 89. b6 Rexc4+
90. Kb3 Rc3+ 91. Kb2 Rc2+ 92. Kb1 Rc1+ 93. Kb2 R1c2+ 94. Kb3 R2c3+ 95. Kb4
R3c4+ 96. Kb5 R4c5+ 97. Ka6 R5c6 98. Qd8+ Rc8 99. Qe7 R8c7 100. Qf8+ Rc8 101.
Qg7 R8c7 102. Qh8+ Rc8 103. Qg7 R8c7 104. Qe5 Ka8 105. Qe8+ Rc8 106. Qd7 R8c7
107. Qd8+ Rc8 108. Qe7 R8c7 109. Qf8+ Rc8 110. Qf7 R8c7 111. Qxc7 Rxc7 112.
bxc7 1/2-1/2

[Event "Aut_chT1112"]
[Site "Jenbach"]
[Date "2012.01.20"]
[Round "1"]
[Board "4"]
[White "Schneider, Ilja"]
[Black "Koepke, Christian"]
[Result "1-0"]
[WhiteElo "2480"]
[BlackElo "2398"]
[PlyCount "95"]
[EventDate "2012.01.20"]
[EventType "team"]
[EventRounds "11"]
[EventCountry "AUT"]
[WhiteTeam "ASVOE Wulkaprodersdorf"]
[BlackTeam "SpGem. Kufstein Woergl"]

1. b3 e5 2. Bb2 Nc6 3. e3 d5 4. Bb5 Bd6 5. f4 Qh4+ 6. g3 Qe7 7. fxe5 Bxe5 8.
Bxe5 Qxe5 9. Nc3 Nf6 10. Qf3 O-O 11. Bxc6 bxc6 12. Qf4 Qe7 13. Nf3 c5 14. O-O
Bh3 15. Rf2 Rae8 16. Qh4 Bc8 17. Raf1 h6 18. Ne1 c6 19. Rxf6 gxf6 20. Qxh6 f5
21. Qxc6 Bb7 22. Qh6 Qe6 23. Qg5+ Qg6 24. Rxf5 d4 25. Nd1 Rc8 26. Nd3 Be4 27.
Nf4 Qxg5 28. Rxg5+ Kh7 29. c3 Bf3 30. Nb2 dxe3 31. dxe3 Rfd8 32. Nc4 Rd1+ 33.
Kf2 Be4 34. Re5 Bb1 35. Re7 Bxa2 36. Rxf7+ Kg8 37. Rb7 Rcd8 38. e4 R8d7 39.
Rb8+ Rd8 40. Rb5 Rb1 41. Ne6 Rc8 42. Nd6 Rc6 43. Rb8+ Kh7 44. Rb7+ Kg6 45. e5
Rb2+ 46. Kf3 Bb1 47. Rg7+ Kh5 48. Rg5+ 1-0

[Event "Aut_chT1112"]
[Site "Jenbach"]
[Date "2012.01.20"]
[Round "1"]
[Board "5"]
[White "Berchtenbreiter, Maximilian"]
[Black "Thiede, Lars"]
[Result "0-1"]
[WhiteElo "2330"]
[BlackElo "2458"]
[PlyCount "76"]
[EventDate "2012.01.20"]
[EventType "team"]
[EventRounds "11"]
[EventCountry "AUT"]
[WhiteTeam "SpGem. Kufstein Woergl"]
[BlackTeam "ASVOE Wulkaprodersdorf"]

1. e4 g6 2. d4 Bg7 3. Be2 d6 4. Nc3 a6 5. h4 h5 6. Nh3 Nc6 7. Be3 Nf6 8. f3
Bxh3 9. Rxh3 Nd7 10. Bc4 Nb6 11. Bb3 Na5 12. Qe2 c6 13. O-O-O d5 14. Bg5 Qd7
15. exd5 Nxb3+ 16. axb3 cxd5 17. Rhh1 e6 18. Bf4 Qc6 19. Be5 f6 20. Bf4 a5 21.
Qd3 Kf7 22. Rde1 a4 23. bxa4 Nxa4 24. Nb5 Bh6 25. Bxh6 Rxh6 26. b3 Nb6 27. Kd2
Rhh8 28. g4 Rae8 29. Rh2 Nc8 30. Rg2 hxg4 31. fxg4 Rxh4 32. Rf2 Reh8 33. g5 Rh2
34. Ree2 Rxf2 35. Rxf2 f5 36. Qg3 Qxb5 37. Qc7+ Ne7 38. Qe5 Qa5+ 0-1

[Event "Aut_chT1112"]
[Site "Jenbach"]
[Date "2012.01.20"]
[Round "1"]
[Board "6"]
[White "Volkmann, Friedrich Karl"]
[Black "Neuschmied, Siegfried"]
[Result "1-0"]
[WhiteElo "2410"]
[BlackElo "2308"]
[PlyCount "51"]
[EventDate "2012.01.20"]
[EventType "team"]
[EventRounds "11"]
[EventCountry "AUT"]
[WhiteTeam "ASVOE Wulkaprodersdorf"]
[BlackTeam "SpGem. Kufstein Woergl"]

1. e4 c6 2. c4 d5 3. cxd5 cxd5 4. exd5 Nf6 5. Nc3 g6 6. Bc4 Bg7 7. Nf3 O-O 8.
O-O Nbd7 9. d3 Nb6 10. Qb3 Bg4 11. Ne5 Bf5 12. Re1 Ne8 13. a4 Nd6 14. Bf4 g5
15. Bg3 g4 16. a5 Nbxc4 17. Nxc4 Bxd3 18. Nxd6 exd6 19. Qb4 Qg5 20. Bxd6 Ba6
21. Bxf8 Bxf8 22. d6 Qg6 23. Rad1 Rd8 24. Ne4 f5 25. Nc5 Bxd6 26. Qb3+ 1-0

[Event "Aut_chT1112"]
[Site "Jenbach"]
[Date "2012.01.20"]
[Round "1"]
[Board "1"]
[White "Polak, Tomas"]
[Black "Baramidze, David"]
[Result "1/2-1/2"]
[WhiteElo "2535"]
[BlackElo "2612"]
[PlyCount "45"]
[EventDate "2012.01.20"]
[EventType "team"]
[EventRounds "11"]
[EventCountry "AUT"]
[WhiteTeam "SK Zwettl"]
[BlackTeam "SK Hohenems"]

1. d4 Nf6 2. c4 e6 3. Nf3 d5 4. Nc3 Be7 5. Bg5 h6 6. Bh4 O-O 7. e3 Ne4 8. Bxe7
Qxe7 9. Rc1 c6 10. Bd3 Nxc3 11. Rxc3 Nd7 12. O-O e5 13. dxe5 dxc4 14. Rxc4 Nxe5
15. Re4 Nxf3+ 16. Qxf3 Be6 17. Bc4 Rad8 18. Bxe6 fxe6 19. Qe2 Rd5 20. Rd1 Rfd8
21. Rxd5 Rxd5 22. g3 Qd6 23. Qg4 1/2-1/2

[Event "Aut_chT1112"]
[Site "Jenbach"]
[Date "2012.01.20"]
[Round "1"]
[Board "2"]
[White "Bezold, Michael"]
[Black "Likavsky, Tomas"]
[Result "1-0"]
[WhiteElo "2523"]
[BlackElo "2486"]
[PlyCount "57"]
[EventDate "2012.01.20"]
[EventType "team"]
[EventRounds "11"]
[EventCountry "AUT"]
[WhiteTeam "SK Hohenems"]
[BlackTeam "SK Zwettl"]

1. c4 g6 2. g3 Bg7 3. Bg2 c5 4. Nc3 Nc6 5. d3 e6 6. Bxc6 bxc6 7. f4 d6 8. Nf3
Nh6 9. e4 O-O 10. Qe2 f6 11. h4 Nf7 12. h5 g5 13. h6 Nxh6 14. fxg5 Ng4 15. Nh2
Ne5 16. Ng4 fxg5 17. Nxe5 Bxe5 18. Qh5 Bxg3+ 19. Kd1 Bh4 20. Rg1 Kh8 21. Bxg5
Bxg5 22. Rxg5 Qf6 23. e5 Qf1+ 24. Kc2 Qf2+ 25. Ne2 Rf7 26. Rag1 Bd7 27. R1g2
Qf1 28. Qg4 Rff8 29. Rg7 1-0

[Event "Aut_chT1112"]
[Site "Jenbach"]
[Date "2012.01.20"]
[Round "1"]
[Board "3"]
[White "Blatny, Pavel"]
[Black "Atlas, Valery"]
[Result "1/2-1/2"]
[WhiteElo "2396"]
[BlackElo "2413"]
[PlyCount "130"]
[EventDate "2012.01.20"]
[EventType "team"]
[EventRounds "11"]
[EventCountry "AUT"]
[WhiteTeam "SK Zwettl"]
[BlackTeam "SK Hohenems"]

1. d4 Nf6 2. Nf3 e6 3. Bf4 b6 4. e3 Bb7 5. Nbd2 Nc6 6. h3 Ne7 7. c3 Ng6 8. Bh2
d5 9. Ne5 Nxe5 10. Bxe5 Nd7 11. Bh2 g6 12. Bd3 Bg7 13. f4 O-O 14. Qe2 c5 15.
Nf3 Nf6 16. g4 Ne4 17. g5 Qe7 18. h4 a6 19. h5 b5 20. O-O b4 21. Rac1 bxc3 22.
bxc3 c4 23. Bb1 Bc6 24. Qg2 Rab8 25. Bxe4 dxe4 26. Ne5 Bd5 27. Rc2 Rb5 28. Ng4
Rfb8 29. f5 exf5 30. Bxb8 fxg4 31. Bf4 gxh5 32. Qh2 Be6 33. Qxh5 Bf5 34. Qh4
Qd7 35. Qf2 Bg6 36. Rb2 Bf8 37. Rfb1 h5 38. Be5 Rxe5 39. dxe5 Bg7 40. Qf4 Qe7
41. Rb8+ Kh7 42. Ra8 Bxe5 43. Rbb8 Qd7 44. Rd8 Qxd8 45. Rxd8 Bxf4 46. exf4 h4
47. Kg2 g3 48. Rd1 Bh5 49. Re1 Bf3+ 50. Kh3 Kg6 51. Kxh4 g2 52. Kg3 Kf5 53. a4
f6 54. gxf6 Kxf6 55. a5 Ke6 56. Rb1 Kf5 57. Rg1 Ke6 58. Re1 Kf6 59. Rc1 Ke6 60.
Ra1 Kf6 61. Rg1 Ke6 62. Rb1 Kf5 63. Re1 Kf6 64. Kf2 Kf5 65. Kg3 Kf6 1/2-1/2

[Event "Aut_chT1112"]
[Site "Jenbach"]
[Date "2012.01.20"]
[Round "1"]
[Board "4"]
[White "Novkovic, Milan"]
[Black "Schroll, Gerhard"]
[Result "1/2-1/2"]
[WhiteElo "2381"]
[BlackElo "2388"]
[PlyCount "64"]
[EventDate "2012.01.20"]
[EventType "team"]
[EventRounds "11"]
[EventCountry "AUT"]
[WhiteTeam "SK Hohenems"]
[BlackTeam "SK Zwettl"]

1. d4 f5 2. c4 Nf6 3. Nc3 e6 4. Nf3 Be7 5. d5 O-O 6. g3 Ne4 7. Bd2 Bf6 8. Qc2
Nxd2 9. Nxd2 d6 10. dxe6 Bxe6 11. Nd5 c6 12. Nxf6+ Qxf6 13. Bg2 Nd7 14. O-O Ne5
15. Rad1 Rad8 16. b3 f4 17. Ne4 Qh6 18. Qc3 Bh3 19. Bxh3 Qxh3 20. gxf4 Qxc3 21.
Nxc3 Rxf4 22. f3 Kf8 23. Kg2 Ke7 24. Ne4 a6 25. Kg3 Rf5 26. h4 Nf7 27. Rd2 d5
28. cxd5 Rfxd5 29. Rxd5 Rxd5 30. Rc1 Nd6 31. Nxd6 Kxd6 32. Rc2 Ke5 1/2-1/2